|
|
|
|
| LEADER |
00653nam a22002172a 4500 |
| 001 |
001219054 |
| 003 |
CZ BrMZK |
| 005 |
20121128114054.0 |
| 007 |
ta |
| 008 |
120601s1975 gw er 000 0 ger d |
| 040 |
|
|
|a BOA001
|b cze
|
| 100 |
1 |
|
|a Fischer, Frank,
|4 dis
|
| 245 |
1 |
0 |
|a Verletzungen der Harnwege :
|b (1969-1973) /
|c Frank Fischer
|
| 260 |
|
|
|a Bonn :
|b F. Fischer,
|c 1975
|
| 300 |
|
|
|a 80 s.
|
| 502 |
|
|
|a Disertace--Universität Bonn, 1975
|
| 710 |
2 |
|
|a Universität Bonn
|7 ko2005304139
|
| 910 |
|
|
|a BOA001
|b 2-0760.328
|
| 990 |
|
|
|a BK
|
| 991 |
|
|
|b 201206
|
| 996 |
7 |
|
|b 2619528341
|c 2-0760.328
|l MZK
|r Sklad / do 1 hodiny
|n 0
|w 001252902
|u 000010
|a 1
|e BOA001
|j MZK50
|s A
|